Chia sẻ ảnh trên Internet với Flickr
Trình bày các nội dung về Flickr : cách đăng ký; tải và tổ chức hình ảnh; in ấn; bạn và bạn bè; tham gia cộng đồng; giao tiếp; Flickr, Weblog và điện thoại chụp hình.
Đã lưu trong:
| 主要作者: | |
|---|---|
| 格式: | 图书 |
| 语言: | Undetermined |
| 出版: |
Hà Nội
Lao động - Xã hội
2008
|
| 主题: | |
| 标签: |
添加标签
没有标签, 成为第一个标记此记录!
|
| Thư viện lưu trữ: | Trung tâm Học liệu Trường Đại học Cần Thơ |
|---|
| LEADER | 00883nam a2200205Ia 4500 | ||
|---|---|---|---|
| 001 | CTU_174220 | ||
| 008 | 210402s9999 xx 000 0 und d | ||
| 020 | |c 68000 | ||
| 082 | |a 775 | ||
| 082 | |b H407 | ||
| 100 | |a Lê, Minh Hoàng | ||
| 245 | 0 | |a Chia sẻ ảnh trên Internet với Flickr | |
| 245 | 0 | |c Lê Minh Hoàng (Chủ biên) | |
| 260 | |a Hà Nội | ||
| 260 | |b Lao động - Xã hội | ||
| 260 | |c 2008 | ||
| 520 | |a Trình bày các nội dung về Flickr : cách đăng ký; tải và tổ chức hình ảnh; in ấn; bạn và bạn bè; tham gia cộng đồng; giao tiếp; Flickr, Weblog và điện thoại chụp hình. | ||
| 650 | |a Flickr (Electronic resource),Flickr (Tài nguyên điện tử) | ||
| 904 | |i Nguyễn Trung Hiếu, Hải | ||
| 980 | |a Trung tâm Học liệu Trường Đại học Cần Thơ | ||